| Поле | Инд. | ПП | Название | Значение |
|---|---|---|---|---|
| Тип записи | a | |||
| Библиографический уровень | m | |||
| 001 | Контрольный номер | 0f3a9629-036c-11da-b763-0008a11c53a8 | ||
| 005 | Дата корректировки | 20140703140003.1 | ||
| 008 | Кодируемые данные | 050802 | ||
| 020 | a | ISBN | 5-86171-057-0 | |
| c | Цена, тираж | 25.00 | ||
| 040 | a | Служба первич. каталог. | НБ ТвГУ | |
| 041 | a | Код языка текста | rus | |
| 080 | a | Индекс УДК | 821.161.1(075.3) | |
| a | Индекс УДК | 398(=161.1)(075.3) | ||
| 084 | a | Индекс другой классификации/Индекс ББК | Ш5(2=411.2)я721-1 | |
| a | Индекс другой классификации/Индекс ББК | Ш3(2=411.2)я721-1 | ||
| 090 | x | Авторский знак | Ф75 | |
| a | Полочн. индекс | Ш5(2=411.2) | ||
| 245 | 10 | a | Заглавие | Фольклор и литература |
| b | Продолж. заглавия | учеб. пособие для учащихся старших кл. (9-11) | ||
| c | Ответственность | Содействие развитию образоват. систем и технологий (РОСТ) ; сост. В. Я. Коровина | ||
| 260 | 0_ | a | Место издания | Москва |
| b | Издательство | Скрин | ||
| b | Издательство | МИРОС | ||
| c | Дата издания | 1996 | ||
| 300 | a | Объем | 206 с. | |
| b | Иллюстрации/ тип воспроизводства | [12] л. ил. | ||
| 504 | a | Библиография | Библиогр. в подстроч. примеч. | |
| 583 | a | Действие | Получение впервые 222 01.08.2005 | |
| k | Исполнитель действия | Взамен утраченных | ||
| 650 | a | Основная рубрика | Литература | |
| x | Основная подрубрика | Учебники для средней школы | ||
| 650 | a | Основная рубрика | Русская литература | |
| 650 | a | Основная рубрика | Фольклор | |
| 653 | a | Ключевые слова | Литература | |
| a | Ключевые слова | Русская литература | ||
| a | Ключевые слова | Фольклор | ||
| 700 | 1_ | a | Другие авторы | Коровина Вера Яновна |
| e | Роль лиц | сост. | ||
| 852 | t | Порядковый номер экземпляра | 1 | |
| p | Инвентарный номер | 813800 | ||
| 863 | t | 00094537 | ||
| 888 | a | Бесплатные | ||
| 930 | a | Новая/Ретро | учебники | |
| 952 | p | 222.2005 25.00 1 813800 | ||
| c | Вид литературы | К ру | ||
| 954 | a | Дата поступления на обработку | 20051013 | |
| 999 | a | Подразделение 2 | аб. |